| 000 | 00873cam a2200253 a 4500 | ||
|---|---|---|---|
| 999 |
_c6148 _d6148 |
||
| 001 | 10232 | ||
| 003 | BD-DhUAP | ||
| 005 | 20201227104834.0 | ||
| 008 | 201227r20061998bg a b 001 0 eng | ||
| 020 | _a8185617643 | ||
| 040 |
_aDLC _cDLC _dBD-DhUAP _beng |
||
| 082 | 0 | 0 |
_a808.066 BAU _223 |
| 100 | _aBaugh, L. Sue. | ||
| 245 |
_aHow to write first-class business correspondence : _bthe handbook for business writing / _cL. Sue Baugh, Maridell Fryar and David A. Thomas. |
||
| 260 |
_aBoston : _bMcGraw-Hill/Irwin, _cc1998 [Reprinted 2006]. |
||
| 300 |
_aix, 302 pages : _billustrations ; _c22 cm. |
||
| 504 | _aIncludes bibliographical references and index. | ||
| 650 | _aEnglish language -- Business English. | ||
| 650 | _aCommercial correspondence. | ||
| 650 | _aBusiness writing. | ||
| 700 | _aFryar, Maridell. | ||
| 700 | _aThomas, David A. | ||
| 942 |
_2ddc _cBK |
||